| 000 | 01076nam a2200193 4500 | ||
|---|---|---|---|
| 999 |
_c59850 _d59850 |
||
| 003 | Ge_BSU | ||
| 005 | 20230428115952.0 | ||
| 008 | 230428s1983 ge ||||| |||| 00| 0 geo d | ||
| 041 | _ageo | ||
| 080 | _a913(479.22)(084.3) ბ-32 | ||
| 100 |
_aპეტრიაშვილი, ოლგა _917857 |
||
| 245 |
_aმოგზაურობა საქართველოს რუკაზე : _bდამხმარე მასალა გეოგრაფიაში [V-IX კლ. მოსწავლეთათვის] / _cოლგა პეტრიაშვილი; რედ. ლ. ჩიკვილაძე. |
||
| 264 |
_aთბილისი : _bგანათლება, _c1983. |
||
| 300 |
_a89 გვ. : _b1 ფ. რუკა ; _c21 სმ. |
||
| 653 | _aსაქართველოს რუკა | ||
| 653 | _aსაქართველოს გეოგრაფიის სწავლების მეთოდიკა. | ||
| 700 |
_aჩიკვილაძე, ლ. _eრედაქტორი _9819 |
||
| 942 |
_2udc _cBK |
||